Journal of Statistics & Mgt. Systems (Record no. 4548)

MARC details
000 -LEADER
fixed length control field 00335nam a22001457a 4500
005 - DATE AND TIME OF LATEST TRANSACTION
control field 20160628155235.0
008 - FIXED-LENGTH DATA ELEMENTS--GENERAL INFORMATION
fixed length control field 160628b xxu||||| |||| 00| 0 eng d
041 ## - LANGUAGE CODE
Language code of text/sound track or separate title eng
082 ## - DEWEY DECIMAL CLASSIFICATION NUMBER
Item number 10792
245 ## - TITLE STATEMENT
Title Journal of Statistics & Mgt. Systems
260 ## - PUBLICATION, DISTRIBUTION, ETC. (IMPRINT)
Name of publisher Tara Publication
300 ## - PHYSICAL DESCRIPTION
Number of Pages 1398
650 ## - SUBJECT ADDED ENTRY--TOPICAL TERM
Topical Term Management
942 ## - ADDED ENTRY ELEMENTS (KOHA)
Koha item type Books
Holdings
Lost status Damaged status Home library Date acquired Full call number Accession Number Koha item type
    JRU Library 28/06/2016 10792 10792 Books